00829cac a2200217 4500008004100000020001500041035001200056050002100068100002300089245012500112250001100237260004900248300002500297440002400322500004300346504005000389650004600439651004900485700004100534700003600575090112t20002000sp 000 0 spa u a8432310522 aa47753404aHM728 bC43 20001 aCharle, Christophe14aLos Intelectuales en el siglo XIX :bprecursores del pensamiento moderno /cChristophe Charle ; pról. Juan Pablo Fusi. a1a ed. aMadrid, España :bSiglo veintiuno, cc2000 axxvii, 243 ;v23 cm. 0aHistorias de europa aTraducción de: Vordenker der Moderne aIncluye apéndice, bibliografía e índice 7aIntelectuales zEuropa ySiglo XIX 2lemb 7aEuropa xVida intelectual ySiglo XIX 2lemb1 aFusi Aizpurúa, Juan Pablo, pról.1 aMartín Ramírez, Carlos, tr.